| 000 | 00458nam a2200181Ia 4500 | ||
|---|---|---|---|
| 003 | OSt | ||
| 005 | 20250210104209.0 | ||
| 008 | 210210b1954 xxu||||| |||| 00| 0 eng d | ||
| 040 | _cAL | ||
| 041 | _akan | ||
| 082 | _a859/947 | ||
| 100 |
_aNAGAPPA (M K) _9145562 _d ನಾಗಪ್ಪ (ಎಂ ಕೆ ) |
||
| 245 |
_aE Balu: _bಈ ಬಾಳು |
||
| 260 |
_aMangaluru _b- _c1954 |
||
| 690 |
_aKannada Fiction _9145563 |
||
| 906 | _a021697 | ||
| 942 |
_2ddc _cBK |
||
| 999 |
_c145793 _d145793 |
||